000 00275nam a22001337a 4500
008 180312b xxu||||| |||| 00| 0 eng d
020 _a0155511084
041 _aeng
080 _a82
100 _a21
101 _aGJL
245 _aLiterature
_cPerrine,L
942 _2udc
_cBK
999 _c44723
_d44723